| 000 | 01165cam a2200325 a 4500 | ||
|---|---|---|---|
| 999 |
_c7706 _d7706 |
||
| 001 | 3014322 | ||
| 003 | GZU | ||
| 005 | 20210512100004.0 | ||
| 008 | 940506s1995 njua b 001 0 eng | ||
| 010 | _a 94017667 | ||
| 020 | _a0131229613 | ||
| 040 |
_aDLC _cDLC _dDLC |
||
| 050 | 0 | 0 |
_aHG6024. _bHUL 1995 |
| 082 | 0 | 0 |
_a332.64/5 _221 |
| 100 | 1 |
_aHull, John, _d1946- |
|
| 245 | 1 | 0 |
_aIntroduction to futures and options markets / _cJohn Hull. |
| 250 | _a2nd ed. | ||
| 260 |
_aEnglewood Cliffs, N.J. : _bPrentice Hall, _cc1995. |
||
| 300 |
_axv, 444 p. : _bill. ; _c25 cm. |
||
| 500 | _aCover title: Introduction to futures & options markets. | ||
| 504 | _aIncludes bibliographical references and index. | ||
| 650 | 0 | _aFutures market. | |
| 650 | 0 | _aOptions (Finance) | |
| 650 | 0 |
_aFutures market _xProblems, exercises, etc. |
|
| 650 | 0 |
_aOptions (Finance) _xProblems, exercises, etc. |
|
| 740 | 0 | _aIntroduction to futures & options markets. | |
| 906 |
_a7 _bcbc _corignew _d1 _eocip _f19 _gy-gencatlg |
||
| 942 |
_2olc _cBK _e2nd ed. _h6024 _iHUL _kHG |
||